Estatísticas para Cultura Geral

Clique aqui para jogar o quiz

Estatísticas Gerais

  • Esse quiz foi jogado 20 vezes
  • A pontuação média é 4 de 15

Estatísticas das Respostas

HintResposta% Correto
Em que país o alemão, o francês e o italiano são todos os idiomas oficiais?Suíça
94%
Qual é o desporto nacional do Japão?Sumo
69%
No filme Frozen que tipo de criatura é Olaf?Boneco de neve
56%
Quem canta a música "Roar"?Katy Perry
44%
Que atriz estava na capa da primeira edição da Playboy?Marilyn Monroe
38%
Quem pintou "The Old Guitarist" durante seu período azul?Picasso
25%
O que Antonio Stradivari fez?Violino
25%
Como são chamadas as batatas fritas na França?Frites
19%
Que tipo de alimento, segundo o povo , provoca o esquecimento?Queijo
13%
Quem foi o membro mais notório do partido Ba'ath?Saddam Hussein
13%
No filme Frozen como se chama a rena?Sven
13%
Que estado dos EUA Ray Charles tinha "on his mundo"?Georgia
6%
Em que país fictício o filme Frozen se passa?Arendelle
0%
No filme Frozen que atriz era a voz da irmã mais velha?Idina Menzel
0%
No filme Frozen qual é o nome do homem que é o melhor amigo de uma rena?Kristoff
0%

Distribuição das Pontuações

Percentil de Números Respondidos

Porcentagem de Pessoas com Cada Pontuação

Sua Pontuação Histórica

Você não jogou esse quiz